00347pab a2200133 454500008004000000100002000040245006300060260000900123300001300132362000800145650001900153650002500172773001600197180718b2017 xxu||||| |||| 00| 0 eng d aMcCarter, Susan aThe school-to-prison pipeline: a primer for social workers c2017 ap.53-61. aJan aSocial workers aJuvenile delinquency aSocial Work